000 00495nam a2200181 i 4500
001 40373
003 ES-MaACL
005 20240427063111.0
007 t|
008 030306s1971 sp ||||1| spa d
100 0 _aCardenal, Ernesto,
_d1925-2020
_935125
245 1 0 _aPoemas /
_cErnesto Cardenal.
250 _a[1ยช ed.].
260 _aBarcelona :
_bLlibres de Sinera,
_c[1971]
300 _a160 p. ;
_c18 cm.
852 _aES-MaACL
_jC-40311
_bR.78745
999 _c40373
_d40373